00723nam a2200241 a 4500001001300000003000900013005001700022008004100039020000800080082001800088100002900106245005000135260004300185300000900228500003500237505003600272650001800308700002900326902000800355942000700363952009600370999001500466nice12345678IN_TiNIC20260116011431.0050524s1923 lona grp 000 0 eng  ac000a226.9505bRTS aReligious Tract, Society aLabarin Da Ke Chikin Litafin Tsofon Alkawali. aLondonbReligious Tracts Societyc1923 a144p aincludes index and biblioraphy2 aold testament stories in hausa. aBible Stories1 aReligious Tract, Society bSRS cBK 00104070aHMIbHMId2014-12-20g0.00l0o226.9505 RTSp3184r2014-12-20w2026-01-16yARB c1488d1488